Základná analýza silových pomerov v náprave
Salvato in:
| Autore principale: | |
|---|---|
| Altri autori: | |
| Natura: | Manoscritto Libro |
| Lingua: | slovacco |
| Pubblicazione: |
2023
|
| Soggetti: | |
| Accesso online: | http://is.stuba.sk/zp/portal_zp.pl?podrobnosti=162538 |
| Tags: |
Nessun Tag, puoi essere il primo ad aggiungerne!!
|
MARC
| LEADER | 00000ntm a22000003a 4500 | ||
|---|---|---|---|
| 001 | stuzp94738 | ||
| 003 | SK-STU | ||
| 005 | 20230909223026.8 | ||
| 007 | ta | ||
| 008 | 150427s2015----xo-----f-mn---000-0-slo-d | ||
| 040 | |a STU |b slo | ||
| 041 | 0 | |a slo | |
| 100 | 1 | |a Hujavý, Jakub |u 020010 |4 aut |U SjF Strojnícka fakulta |T SjF Ústav aplikovanej mechaniky a mechatroniky |X 110695 |U J0010 |Y 801 |7 110695 | |
| 242 | 0 | 1 | |a Basic analysis of force ratios in the axle |y eng |
| 245 | 1 | 0 | |a Základná analýza silových pomerov v náprave |
| 260 | |c 2023 | ||
| 650 | 4 | |a náprava |2 slo | |
| 650 | 4 | |a sily |2 slo | |
| 650 | 4 | |a metóda konečných prvkov |2 slo | |
| 650 | 4 | |a axle |2 eng | |
| 650 | 4 | |a forces |2 eng | |
| 650 | 4 | |a finite element method |2 eng | |
| 700 | 1 | |a Šulko, Miroslav |u 020010 |k Z1 |4 ths |U SjF Strojnícka fakulta |T SjF Ústav aplikovanej mechaniky a mechatroniky |X 2207 |U J0010 |Y 801 |7 A000002207 | |
| 856 | 4 | |u http://is.stuba.sk/zp/portal_zp.pl?podrobnosti=162538 | |